Pedagogía de los sueños posibles: por qué docentes y alumnos necesitan reinventarse en cada momento de la historia
Guardat en:
| Autor principal: | |
|---|---|
| Format: | Llibre |
| Idioma: | espanyol |
| Publicat: |
Buenos Aires
Siglo Veintiuno
2015
|
| Edició: | 1a. ed |
| Col·lecció: | Biblioteca Clásica de Siglo Veintiuno
|
| Matèries: | |
| Etiquetes: |
Afegir etiqueta
Sense etiquetes, Sigues el primer a etiquetar aquest registre!
|
MARC
| LEADER | 00000cam a2200000 a 4500 | ||
|---|---|---|---|
| 001 | UCD3392 | ||
| 003 | CL-VaPUC | ||
| 008 | 160603e20150000ag |||||||||||||||||spa|d | ||
| 020 | |a 9789876296045 | ||
| 082 | 0 | 4 | |a 370.112 |b FRE |2 21 |
| 100 | |a Freire, Paulo |e autor |9 352356 | ||
| 245 | 1 | 0 | |a Pedagogía de los sueños posibles: por qué docentes y alumnos necesitan reinventarse en cada momento de la historia |
| 250 | |a 1a. ed | ||
| 300 | |a 187 p | ||
| 942 | |c BK | ||
| 945 | |d 20160603 11:43:00 |a arojas | ||
| 260 | |a Buenos Aires |b Siglo Veintiuno |c 2015 | ||
| 650 | 0 | |a Filosofía de la educación |9 258384 | |
| 650 | 0 | |a Teoría de la educación |9 309368 | |
| 650 | 0 | |a Libertad de enseñanza |9 311567 | |
| 650 | 0 | |a Métodos de enseñanza |9 270413 | |
| 650 | 7 | |a LIBERTAD DE EDUCACION |2 CL-VaPUC |9 350948 | |
| 583 | |a last modification |c 20160603 11:43:00 |k Rodrigo Vera | ||
| 490 | 0 | |a Biblioteca Clásica de Siglo Veintiuno | |
| 999 | |c 364428 |d 364426 | ||
| 952 | |0 0 |1 0 |3 erb |4 0 |6 370_112000000000000_FRE_2015 |7 0 |8 R |9 477602 |a BIBEDU |b BIBEDU |c MCIRC |i 5288975 |l 16 |m 1 |o 370.112 FRE 2015 |p 5288975 |r 2025-04-14 |s 2025-04-10 |w 2019-11-24 |y BK_R |z Catalogado en:20160603 |k EDI | ||
| 952 | |0 0 |1 0 |3 erb |4 0 |6 370_112000000000000_FRE_2015 |7 0 |8 R |9 477603 |a BIBEDU |b BIBEDU |c MCIRC |i 5358221 |l 5 |o 370.112 FRE 2015 |p 5358221 |r 2025-04-10 |s 2025-04-08 |w 2019-11-24 |y BK_R |z Catalogado en:20161230 |k EFI | ||
| 952 | |0 0 |1 0 |3 erb |4 0 |6 370_112000000000000_FRE_2015 |7 0 |8 R |9 477604 |a BIBEDU |b BIBEDU |c MCIRC |i 535823K |l 1 |o 370.112 FRE 2015 |p 535823K |r 2023-01-13 |s 2022-07-13 |w 2019-11-24 |y BK_R |z Catalogado en:20161230 |k EFI | ||